| 000 | 00496nam a2200193 a 4500 | ||
|---|---|---|---|
| 001 | BRCA_7364 | ||
| 005 | 20190320205817.0 | ||
| 008 | 070313s17uu----ag-#######---#000-0#spa-# | ||
| 041 | _aspa | ||
| 050 | 4 |
_aHG1638 _b.D53 1700 |
|
| 100 | 1 |
_aDias de Gusman, Joaquín _918201 |
|
| 245 | 1 | 0 |
_aTablas demostrativas _chechas por Joaquín Dias de Gusman. |
| 260 |
_a[s.l.] _b[s.n.] _c[17--?] |
||
| 300 | _a5 p. | ||
| 500 | _aQ54 | ||
| 650 | 1 | 4 |
_aInteres _vTablas _918202 |
| 902 | _aGFM | ||
| 942 |
_2lcc _cB |
||
| 999 |
_c7040 _d7040 |
||